Lumbar Vert Elements - Statistics

General Stats
  • This quiz has been taken 14 times
  • The average score is 4 of 8
Answer Stats
Hint Answer % Correct
2 Lamina
75%
5 Vertebral Foramen
75%
1 Spinous Process
50%
3 Transverse Process
50%
4 Pedicle
25%
8 Postzygapophysis
25%
7 Prezygapophysis
25%
6 Vertebral Body
25%
No matching quizzes found
Score Distribution
Percent of People with Each Score
Percentile by Number Answered
Your Score History
You have not taken this quiz